00565nam a22001937a 450000500170000001000150001702000260003202000230005803500130008103700130009408200110010710000200011824500710013825000110020926000440022027000460026430000370031070000240034720140505110844.0 aENG-109641 c425.00a9789351341833 c425.00a9351341836 aEN-93174 bDBAD/PUB a657.48 aHanif, Mohammed00aFinancial accounting /cby Mohammed Hanif [and] Amitabha Mukherjee a2nd ed aNew DelhibMcGraw Hill Education c2013 aP-24, Green Park Extn.bNew Delhie110016 aV.1 (various pagings)c26cm(pbk) aMukherjee, Amitabha